Les négociations agricoles dans le cadre de l'Uruguay Round du GATT (Registro nro. 2247)
[ vista simple ]
| 000 -CABECERA | |
|---|---|
| Longitud fija campo de control | 01812nam a2200385 c 4500 |
| 001 - NÚMERO DE CONTROL | |
| Número de control | 2247 |
| 003 - IDENTIFICADOR DE NÚMERO DE CONTROL | |
| Identificador del número de control | ES-MaCES |
| 005 - FECHA Y HORA DE LA ÚLTIMA TRANSACCIÓN | |
| Fecha y hora de la última transacción | 20150929135347.0 |
| 008 - CAMPO FIJO DE DESCRIPCIÓN FIJA--INFORMACIÓN GENERAL | |
| Códigos de información de longitud fija | 941013s1993 lu ||| | fre d |
| 035 ## - NÚMERO DE CONTROL DEL SISTEMA | |
| Número de control del sistema | CES19980022633m |
| 040 ## - FUENTE DE CATALOGACIÓN | |
| Centro catalogador de origen | ES-MaCES |
| Lengua de catalogación | spa |
| Centro transcriptor | ES-MaCES |
| 245 04 - MENCIÓN DE TÍTULO | |
| Título | Les négociations agricoles dans le cadre de l'Uruguay Round du GATT |
| Resto del título | : strategies des parties contractantes |
| Mención de responsabilidad, etc. | Parlement européen, Direction générale des études |
| 260 ## - PUBLICACIÓN, DISTRIBUCIÓN, ETC (PIE DE IMPRENTA) | |
| Lugar de publicación, distribución, etc. | Luxembourg |
| Nombre del editor, distribuidor, etc. | Parlement européen, Direction générale des études, Division de l'agriculture, de la pêche, des forêts et du développement rural |
| Fecha de publicación, distribución, etc. | 1993 |
| 300 ## - DESCRIPCIÓN FÍSICA | |
| Extensión | 169 p. |
| Dimensiones | 30 cm |
| 490 1# - MENCIÓN DE SERIE | |
| Mención de serie | Document de travail. Série Agriculture-pêche-forêts |
| Designación de volumen o secuencia | W-6 |
| 500 ## - NOTA GENERAL | |
| Nota general | En la port., además: Le projet d'accord de Washington: compatibilité avec la reforme de la politique agricole commune; Le debat au sein du Parlement européen; Les conséquences pour l'agriculture de la Communauté |
| 504 ## - NOTA DE BIBLIOGRAFÍA, ETC. | |
| Nota de bibliografía, etc. | Bibliografía: p. 160-169 |
| 541 ## - NOTA DE LA FUENTE INMEDIANTE DE ADQUISICIÓN | |
| Forma de adquisición | Gratuito |
| 630 04 - ASIENTO SECUNDARIO DE MATERIA--TÍTULO UNIFORME | |
| Título uniforme | Ronda Uruguay de Negociaciones Comerciales Multilaterales |
| Fecha de la firma de un tratado | 1994 |
| 9 (RLIN) | 32439 |
| 650 #4 - ASIENTO SECUNDARIO DE MATERIA--TÉRMINO DE MATERIA | |
| Término de materia o nombre geográfico como elemento inicial | sector agrícola |
| 9 (RLIN) | 27488 |
| 650 #4 - ASIENTO SECUNDARIO DE MATERIA--TÉRMINO DE MATERIA | |
| Término de materia o nombre geográfico como elemento inicial | negociación comercial |
| 9 (RLIN) | 27964 |
| 650 #4 - ASIENTO SECUNDARIO DE MATERIA--TÉRMINO DE MATERIA | |
| Término de materia o nombre geográfico como elemento inicial | GATT |
| 9 (RLIN) | 26712 |
| 650 #4 - ASIENTO SECUNDARIO DE MATERIA--TÉRMINO DE MATERIA | |
| Término de materia o nombre geográfico como elemento inicial | excedente agrícola |
| 9 (RLIN) | 27498 |
| 650 #4 - ASIENTO SECUNDARIO DE MATERIA--TÉRMINO DE MATERIA | |
| Término de materia o nombre geográfico como elemento inicial | consecuencias económicas |
| 9 (RLIN) | 27082 |
| 650 #4 - ASIENTO SECUNDARIO DE MATERIA--TÉRMINO DE MATERIA | |
| Término de materia o nombre geográfico como elemento inicial | política agraria |
| 9 (RLIN) | 27494 |
| 650 #4 - ASIENTO SECUNDARIO DE MATERIA--TÉRMINO DE MATERIA | |
| Término de materia o nombre geográfico como elemento inicial | reforma agraria |
| 9 (RLIN) | 27499 |
| 650 #4 - ASIENTO SECUNDARIO DE MATERIA--TÉRMINO DE MATERIA | |
| Término de materia o nombre geográfico como elemento inicial | política comunitaria |
| 9 (RLIN) | 30776 |
| 653 10 - TÉRMINO DE INDEXACIÓN--NO CONTROLADO | |
| Término no controlado | Agricultura-Ganadería |
| 650 #4 - ASIENTO SECUNDARIO DE MATERIA--TÉRMINO DE MATERIA | |
| 9 (RLIN) | 26752 |
| Término de materia o nombre geográfico como elemento inicial | UE |
| 710 2# - ENCABEZAMIENTO SECUNDARIO--NOMBRE CORPORATIVO | |
| Nombre de entidad o nombre de jurisdicción como elemento inicial | Parlamento Europeo |
| Unidad subordinada | Dirección General de Estudios |
| 9 (RLIN) | 4805 |
| 830 #0 - ENCABEZAMIENTO SECUNDARIO DE COLECCIÓN--TÍTULO UNIFORME | |
| Título uniforme | Document de travail (Parlamento Europeo. Dirección General de Estudios) |
| Nombre de parte o sección de la obra | Série Agriculture-pêche-forêts |
| Designación de volumen o secuencia | W-6 |
| 9 (RLIN) | 32437 |
| 902 ## - CES. TIPO DE DOCUMENTO | |
| Tipodoc (006$c Sirtex) | DOC Literatura gris |
| 942 ## - ELEMENTOS KOHA | |
| Fuente de clasificaión o esquema | Clasificación propia del CES |
| Koha [por defecto] tipo de item | Monografías |
| Parte de clasificación | 5.0. |
| Número de registro | Signatura completa | Tipo de item de Koha |
|---|---|---|
| 006610 | DOC-5.0.-55 | Monografías |
